| 000 | 00472nam a2200157Ia 4500 | ||
|---|---|---|---|
| 008 | 120927t2005 xxu||||| |||| 00| 0 sin d | ||
| 041 | _asin | ||
| 080 |
_ax 8 S 3 (Youth) _bILA |
||
| 245 | _aමහෞෂධ කේවට්ට නැණ යුද්ධය | ||
| 246 | _aMahaushadha Kewatta Nana Yuddhaya | ||
| 260 |
_aStamferd Lake Publishers _aPannipitiya _c2005 |
||
| 300 | _b80p, ill, 18 cm | ||
| 942 | _cBK | ||
| 999 |
_c43339 _d43339 |
||
| 003 | LK-CoDNM | ||
| 040 |
_aLK-CoDNM _dLK-CoDNM _eLK-CoDNM |
||